000 00255nam a22000857a 4500
008 161206b xxu||||| |||| 00| 0 eng d
100 _91854
_aKhandurie, V.P
245 _aNational Talent Search Examination - VIII
260 _aNew Delhi
_bSarawasti House pvt.
_c2005
999 _c4600
_d4600